| 000 | 00359nam a22001457a 4500 | ||
|---|---|---|---|
| 999 |
_c523375 _d523375 |
||
| 005 | 20190125133035.0 | ||
| 008 | 190125b ||||| |||| 00| 0 eng d | ||
| 040 | _cDLC | ||
| 082 |
_a891.4393 _bSHA |
||
| 100 |
_aShaukat Saddiqui _913572 |
||
| 245 | _aJangloos / | ||
| 260 |
_aKarachi : _bRaktab Publications, _c2010. |
||
| 300 | _a200p. : | ||
| 942 |
_2ddc _cBK |
||